| 000 | 00482nam a22001577a 4500 | ||
|---|---|---|---|
| 008 | 230615b |||||||| |||| 00| 0 eng d | ||
| 040 |
_aNational Science Library _cNational Science Library |
||
| 080 |
_a621.39:681.3 _bN8 |
||
| 245 | _aEmerging technologies in computer telephony | ||
| 260 |
_aNew Delhi: _bVimot Publishers Pvt. Ltd., _c1998 |
||
| 300 | _a107p. | ||
| 650 | _aTechnologies | ||
| 653 | _aComputer | ||
| 700 | _aTrehan, Virendar Mohan (Ed.) | ||
| 942 |
_2udc _cBK |
||
| 999 |
_c43850 _d43850 |
||